Culture Générale - Série 984 - Statistiques

Statistiques générales
  • Ce quiz a été pris 115 fois
  • Le résultat moyen est 6 sur 10
Statistiques - réponses
Question Réponse % Correct
Quel ragoût de légumes, typique de la cuisine provencale, est aussi le titre d'un film d'animation ayant pour héros un rat? ratatouille
92%
Quel mot de deux lettres désigne à la fois : une note de musique et un adverbe marquant l'intensité ? si
89%
Quelle région française est représentée par le drapeau appelé : "Gwenn ha du" ? Bretagne
81%
Quel joueur de tennis français répond au surnom de "La Monf'"? Gaël Monfils
69%
Quel joueur de football allemand était surnommé “Kaiser Franz” ? Franz Beckenbauer
62%
Quelle star du tennis peut-on voir dans le clip "Gypsy" de la chanteuse Shakira ? Rafael Nadal
60%
Dans la saga cinématographique de Fabien Onteniente, quel est le nom du camping où se retrouvent chaque année les Pic et les Gatineau ? Les Flots bleus
55%
Quel était le prénom de la mère de Michel Sardou ? Jackie
50%
Quel était le prénom du père de Michel Sardou ? Fernand
32%
Comment Monica Bellucci et Vincent Cassel ont-ils prénommé leur fille, née en mai 2010 ? Léonie
6%
Aucun quiz correspondant
Distribution des résultats
% des personnes avec chaque résultat
Percentile par nombre de réponses
Votre historique - résultats
Vous n’avez pas pris ce quiz